| 000 | 00000nam 2200000za 4500 |
| 001 | 9.843796 |
| 003 | CaOODSP |
| 005 | 20221107152614 |
| 007 | cr ||||||||||| |
| 008 | 170915t19921993onc #o f000 0 eng d |
| 020 | |z0-662-20653-3 |
| 040 | |aCaOODSP|beng |
| 043 | |an-cn---|an-us---|an-mx--- |
| 086 | 1 |aE74-53/2-1993E-PDF|zE74-53/2-1993E |
| 245 | 00|aNorth American Free Trade Agreement between the Government of Canada, the Government of the United Mexican States and the Government of the United States of America |h[electronic resource]. |
| 260 | |a[Ottawa?] : |bGovernment of Canada, |c1992, c1993. |
| 300 | |a2 v. (various pagings) |
| 500 | |aTitle from cover. |
| 500 | |a"December 17, 1992 text, incorporating errata table"--T.p. verso. |
| 500 | |a"Parliamentary committee working version"--T.p. verso. |
| 500 | |aDigitized from print edition. |
| 520 | |a"The Government of Canada, the Government of the United Mexican States and the Government of the United States of America, resolved to: ... establish clear and mutually advantageous rules governing their trade ..."--Preamble. |
| 530 | |aIssued also in printed form. |
| 692 | 07|2gccst|aFree trade agreements |
| 710 | 1 |aCanada.|bExternal Affairs and International Trade. |bInternational Trade Development. |
| 776 | 0#|tNorth American Free Trade Agreement between the Government of Canada, the Government of the United Mexican States and the Government of the United States of America.|w(CaOODSP)9.644762 |
| 856 | 40|qPDF|s13.67 MB|uhttps://publications.gc.ca/collections/collection_2017/amc-gac/E74-53-2-1993-1-eng.pdf |
| 856 | 40|qPDF|s8.97 MB|uhttps://publications.gc.ca/collections/collection_2017/amc-gac/E74-53-2-1993-2-eng.pdf |